<?xml version="1.0" encoding="UTF-8"?>
<marc:record xmlns:marc="http://www.loc.gov/MARC21/slim">
   <marc:leader>00000nam a2200000 a 4500</marc:leader>
   <marc:datafield ind1="1" ind2=" " tag="100">
      <marc:subfield code="a">Nordqvist, Sven</marc:subfield>
      <marc:subfield code="4">aut</marc:subfield>
      <marc:subfield code="e">Verfasser/-in</marc:subfield>
   </marc:datafield>
   <marc:datafield ind1=" " ind2=" " tag="653">
      <marc:subfield code="a">Freundschaft</marc:subfield>
   </marc:datafield>
   <marc:datafield ind1=" " ind2=" " tag="653">
      <marc:subfield code="a">Reisen</marc:subfield>
   </marc:datafield>
   <marc:datafield ind1=" " ind2=" " tag="653">
      <marc:subfield code="a">Animationsfilm</marc:subfield>
   </marc:datafield>
   <marc:datafield ind1="0" ind2="0" tag="245">
      <marc:subfield code="a">Pettersson und Findus</marc:subfield>
   </marc:datafield>
   <marc:datafield ind1="0" ind2="0" tag="245">
      <marc:subfield code="b">Episode 1- 6 der 1. Stafel</marc:subfield>
   </marc:datafield>
   <marc:datafield ind1=" " ind2="1" tag="264">
      <marc:subfield code="b">TV</marc:subfield>
      <marc:subfield code="c">2011</marc:subfield>
   </marc:datafield>
   <marc:datafield ind1="1" ind2=" " tag="520">
      <marc:subfield code="a">Schräges Gespann! Alter Kauz und frechen Kater. Eigentlich plante der Autor Sven Nordqvist eine Kinderbuchreihe über zwei alte Leute zu schreiben, die immer noch etwas zu erledigen haben, bevor sie das machen, was sie eigentlich vorhatten und am Ende gar nicht mehr wissen, war ihr ursprüngliche Plan war. Weil er dem alten Pettersson aber keine Frau zu Seite stellen wollte, wurde es eben eine sprechende Katze. Und das war gut so: Die Bücher über ddas schräge Duo wurden ein voller Erfolg, 2000 ging eine Zeichentrickserie on air, vier Kinofilme runden die Erfolgsstory ab.</marc:subfield>
   </marc:datafield>
   <marc:datafield ind1="3" ind2=" " tag="024">
      <marc:subfield code="a">9006472019893</marc:subfield>
   </marc:datafield>
</marc:record>
